00315pab a2200133 454500008004000000100001800040245003300058260000900091300001300100362001100113650001000124650001300134773003400147180718b2012 xxu||||| |||| 00| 0 eng d aSingh, Manjit aCartoons, caste and politics c2012 ap.13-14. a26 May aCaste aCartoons aEconomic and Political Weekly